| 000 | 00703nam a2200253Ia 4500 | ||
|---|---|---|---|
| 003 | OSt | ||
| 005 | 20221005050114.0 | ||
| 006 | a|||||r|||| 00| 0 | ||
| 007 | ta | ||
| 008 | 221004b |||||||| |||| 00| 0 ben d | ||
| 020 | _a817334870 (hbk) | ||
| 024 | _a19762 | ||
| 037 |
_bGift, 24/06/2015, _cTextual |
||
| 040 |
_aCRL _cCRL _bben |
||
| 041 |
_2ben _aben |
||
| 082 | _aO157,6:g, K2;Q2 | ||
| 100 |
_aDe Adhir _9594280 |
||
| 245 | 0 | _aAdhunik bangla prabandha | |
| 260 |
_aKolkata _bUjjal Sahitya Mandir India _c2012 |
||
| 300 |
_a227p. _ccm. |
||
| 650 | _aBENGALI LITERATURE | ||
| 942 |
_hO157,6:g, K2;Q2 _cTEXL _2cc |
||
| 999 |
_c956297 _d956297 |
||